| 000 | 00704nam a22002177a 4500 | ||
|---|---|---|---|
| 999 |
_c6823 _d6823 |
||
| 003 | AR-CdUCM | ||
| 008 | 190319b ||||| |||| 00| 0 spa d | ||
| 040 |
_aMUNICIPALIDAD PROVINCIAL DEL CUSCO _cBIBLIOTECA MUNICIPAL DEL CUSCO |
||
| 041 | _hit. | ||
| 082 |
_a510.02 / _bI85 |
||
| 100 |
_aInsolera, Filadelfo _919225 |
||
| 245 | _aCurso de matemática financiera y actuarial / | ||
| 260 |
_aMadrid : _bAguilar, _c1950. |
||
| 300 |
_a484 paginas ; _c21 cm. |
||
| 505 | _aContenido :Curso de matemática financiera y actuarial / | ||
| 650 |
_aMatemáticas financieras _919226 |
||
| 650 |
_aSeguros _919227 |
||
| 700 |
_aLuis Martinez Velasco (traductor) _919228 |
||
| 942 |
_2ddc _cLIBROS |
||
| 945 | _arjall | ||